Nursing Care Planning Resource: (Record no. 576)
[ view plain ]
| 000 -LEADER | |
|---|---|
| Fixed length control field | 00777nam a2200253Ia 4500 |
| 003 - CONTROL NUMBER IDENTIFIER | |
| Control field | IIN |
| 005 - DATE AND TIME OF LATEST TRANSACTION | |
| Control field | 20250530130847.0 |
| 008 - FIXED-LENGTH DATA ELEMENTS--GENERAL INFORMATION | |
| Fixed length control field | 231217s9999 xx 000 0 und d |
| 020 ## - INTERNATIONAL STANDARD BOOK NUMBER / ISBN | |
| Price | Rs.905.00 |
| International Standard Book Number | 9788131247440 |
| 040 ## - CATALOGING SOURCE | |
| Original cataloging agency | IIN |
| Language of cataloging | English |
| 082 ## - DEWEY DECIMAL CLASSIFICATION NUMBER | |
| Classification number | 610.73 |
| Book Number | SWE |
| 100 1# - MAIN ENTRY--PERSONAL NAME | |
| Personal name | Swearingen, Pamela L. |
| 245 1# - TITLE STATEMENT | |
| Title | Nursing Care Planning Resource: |
| Sub title | Medical-Surgical Nursing (Vol.1)/ |
| Statement of responsibility | Pamela L. Swearingen; edited by Malarvizhi S. |
| 250 ## - EDITION STATEMENT | |
| Remainder of edition statement | South Asian Edition |
| 260 ## - IMPRINT | |
| Place of publication | New Delhi |
| Name of publisher | Elsevier |
| Date of publication | 2017 |
| 300 ## - PHYSICAL DESCRIPTION | |
| Page / Vol. No | xxiii, 612p |
| Other physical details | ill. |
| 440 ## - SERIES STATEMENT | |
| Series Title | Medical-Surgical Nursing |
| Number | 1 |
| 500 ## - GENERAL NOTE | |
| General note | Includes Index |
| 650 1# - SUBJECT ADDED ENTRY--TOPICAL TERM | |
| Topical term | Foundation |
| Form subdivision | Nursing |
| 650 1# - SUBJECT ADDED ENTRY--TOPICAL TERM | |
| Topical term | Nursing Care Planning |
| 650 1# - SUBJECT ADDED ENTRY--TOPICAL TERM | |
| Topical term | Medical Surgical Nursing |
| 700 ## - ADDED ENTRY--PERSONAL NAME | |
| Personal name | Malarvizhi S. (ed) |
| 942 ## - ADDED ENTRY ELEMENTS (KOHA) | |
| Koha item type | Books |
| Withdrawn status | Lost status | Source of classification | Damaged status | Not for loan | Collection code | Home library | Current library | Shelving location | Date acquired | Price | Total Checkouts | Call number | Accession number | Date last seen | Copy number | Price effective from | Koha item type |
|---|---|---|---|---|---|---|---|---|---|---|---|---|---|---|---|---|---|
| Dewey Decimal Classification | IDEAL INSTITUTE OF NURSING | IDEAL INSTITUTE OF NURSING | General Stacks | 17/12/2023 | 905.00 | 610.73 SWE | 571 | 17/12/2023 | 1 | 17/12/2023 | Books | ||||||
| Dewey Decimal Classification | IDEAL INSTITUTE OF NURSING | IDEAL INSTITUTE OF NURSING | General Stacks | 17/12/2023 | 905.00 | 610.73 SWE | 572 | 17/12/2023 | 2 | 17/12/2023 | Books | ||||||
| Dewey Decimal Classification | IDEAL INSTITUTE OF NURSING | IDEAL INSTITUTE OF NURSING | General Stacks | 17/12/2023 | 905.00 | 610.73 SWE | 573 | 17/12/2023 | 3 | 17/12/2023 | Books | ||||||
| Dewey Decimal Classification | IDEAL INSTITUTE OF NURSING | IDEAL INSTITUTE OF NURSING | General Stacks | 17/12/2023 | 905.00 | 610.73 SWE | 574 | 17/12/2023 | 4 | 17/12/2023 | Books | ||||||
| Dewey Decimal Classification | IDEAL INSTITUTE OF NURSING | IDEAL INSTITUTE OF NURSING | General Stacks | 17/12/2023 | 905.00 | 610.73 SWE | 575 | 17/12/2023 | 5 | 17/12/2023 | Books | ||||||
| Dewey Decimal Classification | Purches Book | IDEAL INSTITUTE OF NURSING | IDEAL INSTITUTE OF NURSING | General Stacks | 21/04/2025 | 1130.00 | 610.73 SWE | 2099 | 30/05/2025 | 6 | 30/05/2025 | Books |
